Наръчник на шпионина (Запис номер 193720)
[ съкратено ]
| 000 -Лидер | |
|---|---|
| Контролно поле с фиксирана дължина | 01886nam a2200445 c 4500 |
| 003 - Код на организацията, давaща контролен номер | |
| Контролно поле | BLK |
| 005 - Дата и час на последна редакция | |
| Контролно поле | 20250430103922.0 |
| 008 - Елементи от данни с фиксирана дължина | |
| fixed length control field | 180411b bul|||||r ||||||| ||bul|| |
| 010 ## - Наследен системен номер | |
| LC control number | KNG00202942000 |
| 020 ## - Международен стандартен номер на книга ISBN | |
| Международен стандартен номер на книга ISBN | 978-954-28-2047-5 |
| -- | издат.: Сиела Норма - на том(т. 2) |
| 040 ## - Източник на каталожния запис | |
| Идентификатор на билиотеката - собственик на записа | BLK |
| 041 ## - Код за език | |
| Код за езика на текст/звукозапис или на отделно заглавие | Български |
| Код за езика КДБФ | Български |
| 072 #7 - Код за тематичната категория | |
| Код организация | bullib |
| Код за тематична категория | Н32 |
| Текст | Политика Н |
| 080 ## - УДК | |
| Текстов определител УДК | Шпионаж. Политическо влияние чрез тайни (разузнавателни) служби |
| УДК код - определител по УДК | 327.84 |
| УДК определител | |
| УДК - код + определител | 327.84 |
| 080 ## - УДК | |
| Текстов определител УДК | Разузнавателна служба. Тайна служба. Шпионаж. Разузнавателна информация. Вж и 327.84 ; 344.1 |
| УДК код - определител по УДК | 355.40 |
| УДК определител | |
| УДК - код + определител | 355.40 |
| 100 1# - Редна дума - Автор | |
| Автор | Бояджиев, Тодор Костов |
| Авторска отговорност | първи автор |
| R(LIN) | 375081 |
| 139 ## - Редно поле | |
| Редна дума | Бояджиев, Тодор Костов |
| Авторски знак | Боя - Б 73 |
| 245 10 - Сведения за заглавието | |
| Заглавие | Наръчник на шпионина |
| Подзаглавни данни | Т. 1 - |
| Редно поле (дума) | Тодор Костов Бояджиев. |
| Том | Т. 2 |
| 257 ## - Страна на издаване | |
| Страна на създаване/издаване | България |
| 260 ## - Област на издателските данни | |
| -- | София |
| Година на издаване | 2016 |
| 300 ## - Физическа характеристика | |
| Размери/Мащаб | 23 см |
| 380 ## - Жанр | |
| Жанр | Обществени науки |
| 500 ## - Общи забележки | |
| Забележка | Съдържа и за авт. |
| 650 #4 - Допълнително описание по предмет – тема | |
| Основно описание – тема или топоним | Разузнаване |
| 9 (RLIN) | 168859 |
| 650 #4 - Допълнително описание по предмет – тема | |
| Основно описание – тема или топоним | Тайни служби |
| 9 (RLIN) | 266564 |
| 650 #4 - Допълнително описание по предмет – тема | |
| Основно описание – тема или топоним | Шпионаж и диверсия |
| 9 (RLIN) | 242689 |
| 653 ## - Ключова дума – ненормативна | |
| Ключова дума | разузнаване |
| 653 ## - Ключова дума – ненормативна | |
| Ключова дума | тайни служби |
| 653 ## - Ключова дума – ненормативна | |
| Ключова дума | шпионаж |
| 653 ## - Ключова дума – ненормативна | |
| Ключова дума | тероризъм |
| 653 ## - Ключова дума – ненормативна | |
| Ключова дума | престъпност |
| 659 ## - Тематичен бюлетин | |
| Тематичен бюлетин | Н |
| 760 1# - Описание на основната серия | |
| -- | - на том(т. 2) |
| Редна дума на основното описание | Бояджиев, Тодор Костов |
| Място на издаване, издател и година | Сиела Норма, 2016 |
| Страници - том | 324 с. |
| Забележка - том | Библиогр. с. 318-322. |
| Заглавие | Т. 2 |
| 852 ## - Местоположение | |
| Форматна сигнатура | Цб 284572 |
| 856 4# - Електронен адрес и достъп | |
| Електронен формат | pdf - файл |
| Път до файла /url/ | |
| 856 4# - Електронен адрес и достъп | |
| Електронен формат | pdf - файл |
| Път до файла /url/ | |
| 942 ## - АРТИКУЛИ | |
| Вид на библиотечния материал | Книги |
| Скрит в OPAC | Не |
| Koha issues (borrowed), all copies | 8 |
| 944 ## - СЪЗДАВАНЕ И РЕДАКЦИЯ на ЗАПИСА | |
| Създаване/Редакция | Създаване |
| Дата на регистрацията/редакция | 14.03.2017 |
| Статус, дата на статуса | Цветомила Тодорова |
| Служител, извършил регистрацията/редакцията | 30576 |
| 944 ## - СЪЗДАВАНЕ И РЕДАКЦИЯ на ЗАПИСА | |
| Създаване/Редакция | Редакция |
| Дата на регистрацията/редакция | 17.03.2017 |
| Статус, дата на статуса | ф / |
| Служител, извършил регистрацията/редакцията | Людмила_Стоянова |
| 999 ## - СИСТЕМНИ КОНТРОЛНИ НОМЕРА | |
| Koha biblionumber | 193720 |
| Koha biblioitemnumber | 193720 |
| Код за отписване | Код за изгубен артикул | Източник на класификационната схема | Код за повреда | Коз за рестрикции | Код за отдаване | Артикулен № | Име на библиотеката - собственик | Име на библиотеката, в която се намира в момента | Статус (Текущо местоположение) | Дата на вписване в системата | Местоположение - отдел | Цена в лева | Инвентарен номер | Систематично азбучна сигнатура | Баркод | Номер на екземпляра | Цена в евро | Служебна бележка | Служебен тип на артикула |
|---|---|---|---|---|---|---|---|---|---|---|---|---|---|---|---|---|---|---|---|
| Не е изгубен | Universal Decimal Classification | Не е повреден | без рестрикции | заемане за дома | 339116 | Регионална библиотека "Любен Каравелов" Русе | Регионална библиотека "Любен Каравелов" Русе | Заемна - подръчен фонд | 2017-03-14 | Заемна - подръчен фонд | 7.96 | 120000808838 | П 327.8/Б 73 | 120000808838 | 1 | 4.07 | Дост: Pk Вид: Ф N: 1608 Дата: 03.03.2017 | Книги |